[Event "Rilton Cup 2013-14"]
[Site "Stockholm SWE"]
[Date "2013.12.29"]
[Round "3.10"]
[White "Urkedal, Frode"]
[Black "Bejtovic, Jasmin"]
[Result "1/2-1/2"]
[WhiteTitle "IM"]
[BlackTitle "IM"]
[WhiteElo "2492"]
[BlackElo "2402"]
[WhiteFideId "1506102"]
[BlackFideId "14400936"]
[EventDate "2013.12.27"]

1. d4 Nf6 2. c4 g6 3. Nc3 Bg7 4. e4 d6 5. Nf3 O-O 6. Be2 c5 7. d5 e6 8. O-O exd5
9. exd5 Bg4 10. Qb3 Qc7 11. Nb5 Qd7 12. h3 Bxf3 13. Bxf3 a6 14. Nc3 Qc7 15. Bd2
Nbd7 16. a4 Rfe8 17. a5 Re7 18. Rfe1 Rae8 19. Rxe7 Rxe7 20. Qc2 Nf8 21. Na4 N6d7
22. Rd1 Ne5 23. Be2 Nc6 24. dxc6 Rxe2 25. Qd3 Re8 26. cxb7 Qxb7 27. Nb6 Qe4 28.
Qxe4 Rxe4 29. b4 cxb4 30. Bxb4 Ne6 31. Bxd6 Nd4 32. c5 Nc6 33. Nd5 Rc4 34. Re1
h5 35. Re8+ Kh7 36. Rc8 Nxa5 37. Rc7 Kg8 38. Ne7+ Kh7 39. Ra7 Bd4 40. Nd5 Bxc5
41. Bxc5 Rxc5 42. Rxf7+ Kg8 43. Rd7 Nc4 44. f4 a5 45. g4 hxg4 46. hxg4 Kf8 47.
g5 Rc6 48. Ra7 Rd6 49. Nf6 Re6 50. Kf2 Re7 51. Ra6 Kf7 52. Kf3 Nd2+ 53. Kg4 Nc4
54. Kg3 Re6 55. Ra8 Re7 56. Ng4 Rb7 57. Ra6 Rb6 58. Ne5+ Ke6 59. Rxb6+ Nxb6 60.
Kg4 a4 61. Nd3 a3 62. Nb4 Nd5 63. Na2 Ne7 64. Nc3 Kd7 65. Kf3 Kc6 66. Ke4 Kc5
67. Ke5 Kc4 68. Na2 Nf5 69. Kf6 Nh4 70. Nc1 Kc3 71. Ke5 Kc2 72. Na2 Kb2 73. Nb4
Kb3 74. Nd3 Nf3+ 75. Kf6 Nh4 76. Ke5 Kc3 77. Nc1 Kd2 78. Na2 Ke3 79. Nb4 Kf3 80.
Kd4 Kxf4 81. Kc3 Kxg5 82. Nd5 Kg4 83. Kb3 Nf5 84. Kxa3 Kf3 85. Kb2 Nd6 86. Kc2
g5 87. Nf6 Ne4 88. Nh5 Ke2 89. Kc1 g4 90. Kc2 Nf2 91. Nf6 1/2-1/2

[Event "Rilton Cup 2013-14"]
[Site "Stockholm SWE"]
[Date "2013.12.29"]
[Round "3.12"]
[White "Cramling, Pia"]
[Black "Norlin, Egor"]
[Result "1-0"]
[WhiteTitle "GM"]
[WhiteElo "2525"]
[BlackElo "2125"]
[WhiteFideId "1700030"]
[BlackFideId "1713973"]
[EventDate "2013.12.27"]

1. c4 e5 2. Nc3 Bb4 3. Qc2 Nc6 4. e3 d6 5. Nd5 Bc5 6. a3 a5 7. Nf3 Nge7 8. b3
Be6 9. Nxe7 Qxe7 10. Bb2 Ba7 11. Bd3 h6 12. O-O O-O 13. Bh7+ Kh8 14. Bf5 Bxf5
15. Qxf5 Qe6 16. Qxe6 fxe6 17. d3 Ne7 18. b4 axb4 19. axb4 Bb6 20. Nd2 c6 21.
Ne4 Bc7 22. Rfc1 Rfd8 23. Kf1 Kg8 24. b5 b6 25. bxc6 Nxc6 26. Nc3 Na5 27. Nb5
Rd7 28. Bc3 Kf7 29. Bb4 Ke7 30. Ra3 Bd8 31. Rb1 Rc8 32. Rc3 Nc6 33. Ba3 Ra8 34.
Ra1 Ra5 35. Ke2 Nb8 36. Rcc1 Na6 37. Rcb1 Nc5 38. Bb4 Rxa1 39. Rxa1 Bc7 40. Ra8
Bd8 41. d4 exd4 42. exd4 Nb7 43. Ra7 Kf6 44. Nxd6 Rxd6 45. Rxb7 Rc6 46. Kd3 g5
47. g4 Rc8 48. Bc3 1-0

[Event "Rilton Cup 2013-14"]
[Site "Stockholm SWE"]
[Date "2013.12.29"]
[Round "3.15"]
[White "Ramondino, Renzo"]
[Black "Lauber, Arnd"]
[Result "0-1"]
[WhiteTitle "FM"]
[BlackTitle "IM"]
[WhiteElo "2242"]
[BlackElo "2448"]
[WhiteFideId "810304"]
[BlackFideId "4632630"]
[EventDate "2013.12.27"]

1. Nf3 Nf6 2. c4 e6 3. g3 d5 4. d4 Bb4+ 5. Bd2 Be7 6. Bg2 O-O 7. O-O c6 8. Qc2
b6 9. Rd1 Nbd7 10. Ne5 Nxe5 11. dxe5 Ng4 12. cxd5 cxd5 13. Bc3 Qc7 14. Na3 Nxe5
15. e4 Bb7 16. exd5 Bxa3 17. bxa3 Bxd5 18. Bxd5 exd5 19. Rac1 Rad8 20. Qf5 Rfe8
21. f4 Qc5+ 22. Kh1 d4 23. fxe5 dxc3 24. Rf1 Qd5+ 25. Qf3 Qxf3+ 26. Rxf3 Rxe5
27. Rfxc3 g6 28. R1c2 Red5 29. Rc7 Rd1+ 30. Kg2 R1d2+ 31. Rxd2 Rxd2+ 32. Kg1 a5
33. Rb7 Rxa2 34. Rxb6 Rxa3 35. Ra6 Ra2 36. h3 h5 37. h4 a4 38. Kf1 Kg7 39. Kg1
Kf8 40. Ra7 a3 41. Kh1 Ke8 42. Kg1 Kd8 43. Kh1 Kc8 44. Kg1 Kb8 45. Ra5 Kb7 46.
Ra4 Kb6 47. Ra8 Kc5 48. Ra4 Kb5 49. Ra7 Kb4 50. Rb7+ Kc3 51. Rc7+ Kd3 52. Rxf7
Re2 53. Rf3+ Re3 54. Rf2 Re1+ 0-1

[Event "Rilton Cup 2013-14"]
[Site "Stockholm SWE"]
[Date "2013.12.29"]
[Round "3.16"]
[White "Socko, Monika"]
[Black "Johansson, Gunnar"]
[Result "1/2-1/2"]
[WhiteTitle "GM"]
[WhiteElo "2440"]
[BlackElo "2244"]
[WhiteFideId "1106619"]
[BlackFideId "1703501"]
[EventDate "2013.12.27"]

1. d4 d5 2. c4 c6 3. e3 Nf6 4. Nf3 Bf5 5. Nc3 e6 6. Nh4 Bg6 7. Nxg6 hxg6 8. Bd2
Nbd7 9. g3 Be7 10. b3 e5 11. cxd5 cxd5 12. Bg2 e4 13. O-O O-O 14. a4 a5 15. Rc1
Nb8 16. f3 exf3 17. Qxf3 Bb4 18. Qf4 Qd7 19. Nb1 Bd6 20. Qf2 Nc6 21. Nc3 Ba3 22.
Rce1 Rfe8 23. Nb5 Bf8 24. Rc1 Rac8 25. Qf4 Ne4 26. Bxe4 Rxe4 27. Qf3 Re6 28. Qg4
Qe8 29. Kg2 Qd8 30. Rf2 Bb4 31. Bxb4 axb4 32. Rcf1 f5 33. Qf3 Qd7 34. g4 Ne7 35.
h3 Re4 36. Qg3 Qe6 37. Nc7 Qd7 38. Nb5 Qe6 39. Nc7 Qd7 40. Nb5 1/2-1/2

[Event "Rilton Cup 2013-14"]
[Site "Stockholm SWE"]
[Date "2013.12.29"]
[Round "3.17"]
[White "Yagupov, Igor"]
[Black "Zadruzny, Nicolaj"]
[Result "1-0"]
[WhiteTitle "GM"]
[WhiteElo "2427"]
[BlackElo "2251"]
[WhiteFideId "4113632"]
[BlackFideId "1709550"]
[EventDate "2013.12.27"]

1. Nf3 c5 2. c4 g6 3. e4 Nc6 4. d4 cxd4 5. Nxd4 Nf6 6. Nc3 d6 7. Be2 Nxd4 8.
Qxd4 Bg7 9. Be3 O-O 10. Qd2 Be6 11. f3 Qa5 12. Rc1 Rfc8 13. b3 Nd7 14. O-O a6
15. f4 Nc5 16. Bf3 Rab8 17. Bd4 Bd7 18. Bxg7 Kxg7 19. Kh1 Bc6 20. Rcd1 Kg8 21.
Qb2 Qb4 22. e5 dxe5 23. fxe5 Ne6 24. Nd5 Bxd5 25. Bxd5 Rf8 26. Rd3 Nd8 27. Rh3
e6 28. Be4 Re8 29. Qc1 Qf8 30. Rd3 Nc6 31. Bxc6 bxc6 32. Rd6 Rbc8 33. c5 Red8
34. Rfd1 Rxd6 35. cxd6 Qd8 36. Qf4 c5 37. d7 Rb8 38. g4 Rb4 39. Qf3 c4 40. Qc6 1-0

[Event "Rilton Cup 2013-14"]
[Site "Stockholm SWE"]
[Date "2013.12.29"]
[Round "3.18"]
[White "Smirnov, Artem"]
[Black "Adler, Bo"]
[Result "1-0"]
[WhiteTitle "IM"]
[WhiteElo "2418"]
[BlackElo "2168"]
[WhiteFideId "4143256"]
[BlackFideId "1702149"]
[EventDate "2013.12.27"]

1. d4 Nf6 2. Nf3 d5 3. c4 dxc4 4. e3 Bg4 5. Bxc4 e6 6. h3 Bxf3 7. Qxf3 c6 8. O-O
Be7 9. Nc3 O-O 10. Rd1 Nbd7 11. e4 Re8 12. Be3 Qa5 13. Bb3 e5 14. d5 Bb4 15.
dxc6 bxc6 16. Rxd7 Nxd7 17. Qxf7+ Kh8 18. Qxd7 Bc5 19. Qxc6 Bxe3 20. fxe3 Rac8
21. Qb5 Qd8 22. Nd5 Qh4 23. Rf1 Qxe4 24. Qb4 Qd3 25. Qg4 Rf8 26. Rd1 Qa6 27. Ne7
Rc7 28. Qf5 Re8 29. Qf7 Qb5 30. Ng6+ hxg6 31. Qxc7 1-0

[Event "Rilton Cup 2013-14"]
[Site "Stockholm SWE"]
[Date "2013.12.29"]
[Round "3.19"]
[White "Johansen, Stian"]
[Black "Bellon Lopez, Juan Manuel"]
[Result "0-1"]
[BlackTitle "GM"]
[WhiteElo "2079"]
[BlackElo "2382"]
[WhiteFideId "1508121"]
[BlackFideId "2200031"]
[EventDate "2013.12.27"]

1. d4 Nf6 2. c4 c5 3. d5 a6 4. a4 e5 5. Nc3 d6 6. e4 Be7 7. Bd3 O-O 8. Nge2 Ne8
9. Qc2 g6 10. Ng3 Ng7 11. Bh6 Nd7 12. Nce2 Nf6 13. h4 Ng4 14. Bxg7 Kxg7 15. h5
Qa5+ 16. Nc3 Bg5 17. Qe2 Bd7 18. O-O Qd8 19. Qf3 Bf4 20. Nce2 Qh4 21. Rfd1 Nh2 0-1

[Event "Rilton Cup 2013-14"]
[Site "Stockholm SWE"]
[Date "2013.12.29"]
[Round "3.20"]
[White "Sagit, Rauan"]
[Black "Jonsson, Emil"]
[Result "1-0"]
[WhiteTitle "FM"]
[WhiteElo "2369"]
[BlackElo "2076"]
[WhiteFideId "1708376"]
[BlackFideId "1712268"]
[EventDate "2013.12.27"]

1. e4 d6 2. d4 Nf6 3. Nc3 g6 4. h3 Bg7 5. Nf3 O-O 6. Bd3 Na6 7. a3 c5 8. d5 Bd7
9. O-O Rb8 10. Re1 Nc7 11. a4 a6 12. a5 Bb5 13. Bf4 Nh5 14. Bh2 Bxd3 15. Qxd3 b5
16. e5 b4 17. Na4 Rb5 18. g4 Rxa5 19. gxh5 1-0

[Event "Rilton Cup 2013-14"]
[Site "Stockholm SWE"]
[Date "2013.12.29"]
[Round "3.21"]
[White "Hammar, Bengt"]
[Black "Ornstein, Axel"]
[Result "1/2-1/2"]
[WhiteTitle "FM"]
[BlackTitle "IM"]
[WhiteElo "2234"]
[BlackElo "2334"]
[WhiteFideId "1700391"]
[BlackFideId "1700111"]
[EventDate "2013.12.27"]

1. e4 e6 2. d4 d5 3. Nc3 Bb4 4. e5 Ne7 5. a3 Bxc3+ 6. bxc3 b6 7. Qg4 Ng6 8. h4
h5 9. Qg3 Ba6 10. Bxa6 Nxa6 11. a4 Nb8 12. Bg5 Qd7 13. Ne2 Nc6 14. Qf3 Nge7 15.
Nf4 g6 16. Bf6 Rh6 17. Qe2 Na5 18. Qa6 Qc6 19. Qb5 1/2-1/2

[Event "Rilton Cup 2013-14"]
[Site "Stockholm SWE"]
[Date "2013.12.29"]
[Round "3.22"]
[White "Furhoff, Johan"]
[Black "Bit-Narva, David"]
[Result "1-0"]
[WhiteTitle "IM"]
[WhiteElo "2318"]
[BlackElo "1877"]
[WhiteFideId "1701797"]
[BlackFideId "24128856"]
[EventDate "2013.12.27"]

1. e4 c5 2. Nc3 Nc6 3. f4 g6 4. Nf3 Bg7 5. Be2 d6 6. d3 e6 7. Be3 Nd4 8. e5 Nh6
9. Ne4 Ndf5 10. Bg1 dxe5 11. Nxe5 b6 12. Bf3 Rb8 13. Nc6 Qc7 14. Nxb8 Qxb8 15.
c3 O-O 16. g3 Rd8 17. Qc2 Bb7 18. O-O-O Nd6 19. Qg2 Ba6 20. Nxd6 Rxd6 21. d4
cxd4 22. Bxd4 Bxd4 23. Rxd4 Rxd4 24. cxd4 Bd3 25. Qd2 Qc8+ 26. Qc3 Qa6 27. d5
exd5 28. Re1 Be4 29. Bxe4 dxe4 30. Rxe4 Qf1+ 31. Re1 Qb5 32. Rd1 Qe8 33. Qf6 Ng4
34. Qd8 Qxd8 35. Rxd8+ Kg7 36. Rd7 Nxh2 37. Rxa7 Nf1 38. Ra3 Kf6 39. g4 Nh2 40.
Rg3 g5 41. Rg2 Nf1 42. fxg5+ Kxg5 43. Rf2 Ne3 44. Rxf7 h6 45. Rg7+ Kf4 46. Rg6
Nxg4 47. Rxb6 h5 48. Rb3 Ne3 49. Kd2 1-0

[Event "Rilton Cup 2013-14"]
[Site "Stockholm SWE"]
[Date "2013.12.29"]
[Round "3.24"]
[White "Von Bahr, Oskar"]
[Black "Evertsson, Lennart"]
[Result "1-0"]
[WhiteTitle "FM"]
[WhiteElo "2298"]
[BlackElo "2186"]
[WhiteFideId "1703250"]
[BlackFideId "1705156"]
[EventDate "2013.12.27"]

1. c4 e5 2. g3 Nc6 3. Nc3 Nf6 4. Bg2 Bc5 5. Nf3 Qe7 6. O-O h6 7. d3 a6 8. e3 Ba7
9. d4 d6 10. Nd5 Nxd5 11. cxd5 Nb8 12. dxe5 dxe5 13. b4 O-O 14. Bb2 Nd7 15. Qc2
Bb6 16. Qc3 Re8 17. Rac1 a5 18. Ba3 Qf6 19. b5 e4 20. Nd2 Qxc3 21. Rxc3 Nf6 22.
d6 cxd6 23. Nc4 Bc5 24. Bxc5 dxc5 25. Nb6 Rb8 26. Rxc5 Bg4 27. Rfc1 Red8 28. h3
Be6 29. a4 Rd2 30. Bf1 Rbd8 31. Kg2 Rb2 32. R5c2 Rb4 33. Bc4 Rd6 34. Bxe6 Rxe6
35. Rc8+ Kh7 36. Nc4 b6 37. Ra1 g5 38. g4 Kg7 39. Rd1 Rxa4 40. Nd6 h5 41. gxh5
Nxh5 42. Rc7 Kg6 43. Nxf7 Nf6 44. Nd8 Re8 45. Rd6 Rf8 46. Nc6 Kf5 47. Ne7+ Ke5
48. Rcc6 1-0

[Event "Rilton Cup 2013-14"]
[Site "Stockholm SWE"]
[Date "2013.12.29"]
[Round "3.25"]
[White "Luukkonen, Tommi"]
[Black "Orndahl, Markus"]
[Result "1-0"]
[WhiteTitle "FM"]
[WhiteElo "2285"]
[BlackElo "2206"]
[WhiteFideId "501808"]
[BlackFideId "1709135"]
[EventDate "2013.12.27"]

1. c4 Nf6 2. d4 c5 3. d5 b5 4. cxb5 a6 5. bxa6 g6 6. Nc3 Bxa6 7. g3 d6 8. Bg2
Bg7 9. Nf3 Nfd7 10. h4 h6 11. Nh2 Nb6 12. Ng4 h5 13. Ne3 N8d7 14. Qc2 c4 15. Be4
f5 16. Bf3 Ne5 17. Ng2 Nxf3+ 18. exf3 Be5 19. Nf4 Bxf4 20. Bxf4 Bb7 21. O-O-O
O-O 22. Rhe1 Kh7 23. Bg5 Rf7 24. g4 Nxd5 25. Nxd5 Rxa2 26. gxf5 gxf5 27. Rxe7
Ra1+ 28. Kd2 Qa5+ 29. Nc3 Rxd1+ 30. Qxd1 Rxe7 31. Bxe7 Qb6 32. Kc1 Qxf2 33. Kb1
d5 34. Bf6 Kg6 35. Bd4 Qxh4 36. Qg1+ Qg5 37. Qe1 h4 38. Qe8+ Kh6 39. Qh8+ 1-0

[Event "Rilton Cup 2013-14"]
[Site "Stockholm SWE"]
[Date "2013.12.29"]
[Round "3.26"]
[White "Soderberg, Per"]
[Black "Cederstam-Barsk, Carl"]
[Result "1-0"]
[WhiteElo "2183"]
[BlackElo "2256"]
[WhiteFideId "1702904"]
[BlackFideId "1713329"]
[EventDate "2013.12.27"]

1. e4 e5 2. Nf3 Nc6 3. c3 d5 4. Qa4 f6 5. Bb5 Ne7 6. exd5 Qxd5 7. O-O e4 8. Ne1
Be6 9. d4 a6 10. Be2 f5 11. Be3 b5 12. Qc2 Qd6 13. g3 Nd5 14. Ng2 Be7 15. a4 Rb8
16. axb5 axb5 17. Na3 b4 18. Nb5 Qd7 19. c4 Nxe3 20. fxe3 Bf7 21. Qa4 O-O 22.
Na7 Be8 23. Nxc6 Qxc6 24. Qxc6 Bxc6 25. Ra7 Rb7 26. Rfa1 Rfb8 27. Nf4 Bg5 28. c5
Bxf4 29. Bc4+ Kf8 30. gxf4 Ke7 31. d5 Be8 32. b3 Bf7 33. Rxb7 Rxb7 34. Ra8 h6
35. Ba6 Bxd5 36. Bxb7 Bxb7 37. Ra7 Bd5 38. Rxc7+ Kd8 39. Rxg7 Kc8 40. Rg2 Kc7
41. Rb2 Kc6 42. Kf2 Kxc5 43. Ke2 h5 44. Kd2 h4 45. Kc2 h3 46. Rb1 Bf7 47. Ra1
Kb5 48. Ra7 Bh5 49. Re7 Bg4 50. Re5+ Kc6 51. Kd2 Kb6 52. Ke1 Kc6 53. Re6+ Kd5
54. Ra6 Kc5 55. Rg6 Kd5 56. Rxg4 1-0

[Event "Rilton Cup 2013-14"]
[Site "Stockholm SWE"]
[Date "2013.12.29"]
[Round "3.29"]
[White "Puzko, Danila"]
[Black "Annenkov, Kirill"]
[Result "1/2-1/2"]
[BlackTitle "FM"]
[WhiteElo "2129"]
[BlackElo "2232"]
[WhiteFideId "24153745"]
[BlackFideId "4129733"]
[EventDate "2013.12.27"]

1. e4 c6 2. d4 d5 3. Nd2 dxe4 4. Nxe4 Bf5 5. Ng3 Bg6 6. h4 h6 7. h5 Bh7 8. Nf3
e6 9. Bd3 Bxd3 10. Qxd3 Nf6 11. Bd2 Qc7 12. O-O-O Bd6 1/2-1/2

[Event "Rilton Cup 2013-14"]
[Site "Stockholm SWE"]
[Date "2013.12.29"]
[Round "3.30"]
[White "Trygstad, Kristian"]
[Black "Aroven, Mikael"]
[Result "1/2-1/2"]
[WhiteTitle "FM"]
[WhiteElo "2228"]
[BlackElo "2045"]
[WhiteFideId "1501860"]
[BlackFideId "1709534"]
[EventDate "2013.12.27"]

1. e4 c5 2. Nc3 Nc6 3. f4 g6 4. Nf3 Bg7 5. a3 a6 6. Be2 d6 7. O-O Nf6 8. Qe1 Nd4
9. Bd1 O-O 10. Qh4 Bg4 11. Nxd4 cxd4 12. Bxg4 dxc3 13. bxc3 Nxe4 14. Rb1 b5 15.
Bf3 d5 16. Bxe4 dxe4 17. f5 gxf5 18. Rxf5 e6 19. Rg5 f5 20. Qg3 Rf7 21. d3 Kh8
22. Bf4 Bxc3 23. dxe4 Bd4+ 24. Kh1 fxe4 25. Rf1 Qf6 26. Be5 Qxe5 27. Qxe5+ Bxe5
28. Rxf7 Bb2 29. Rg4 Rd8 30. g3 e3 31. Re4 Bc1 32. Rxe6 Kg8 33. Ra7 Bxa3 34.
Raxa6 Bc5 35. Rac6 Kf7 36. Kg2 Rd2+ 37. Kf3 Rf2+ 38. Ke4 Rxc2 39. Kf3 Rxh2 40.
Rxc5 Kxe6 41. Kxe3 b4 42. Rc4 Rg2 43. Kf4 Kf6 44. Rxb4 1/2-1/2

[Event "Rilton Cup 2013-14"]
[Site "Stockholm SWE"]
[Date "2013.12.29"]
[Round "3.31"]
[White "Henriksson, Johan"]
[Black "Kassani, Sam"]
[Result "1-0"]
[WhiteTitle "FM"]
[WhiteElo "2266"]
[BlackElo "2095"]
[WhiteFideId "1703560"]
[BlackFideId "1709089"]
[EventDate "2013.12.27"]

1. d4 d5 2. Nf3 Nf6 3. c4 c6 4. Nc3 dxc4 5. a4 Bf5 6. Ne5 Nbd7 7. Nxc4 Nb6 8.
Ne5 a5 9. f3 Nfd7 10. Nd3 Bxd3 11. Qxd3 e6 12. e4 Bb4 13. Be3 O-O 14. Be2 e5 15.
dxe5 Qe7 16. f4 Rad8 17. Qc2 Bc5 18. Qc1 f6 19. exf6 Nxf6 20. O-O Kh8 21. Bxc5
Qxc5+ 22. Kh1 Qb4 23. Bf3 Rd4 24. Rf2 Nfd7 25. Rd2 c5 26. Be2 Nf6 27. e5 Nfd5
28. g3 Rd8 29. Bf3 Ne7 30. Rf2 c4 31. Qc2 g6 32. Re1 Nd7 33. Rd2 Nc5 34. Red1
Nd3 35. Be4 Nf2+ 36. Rxf2 Rxd1+ 37. Nxd1 Qe1+ 38. Kg2 Rxd1 39. e6 Rc1 40. Qe2
Qxe2 41. Rxe2 Ra1 42. Bxb7 Rxa4 43. Rc2 Ra2 44. Kf3 Kg7 45. Be4 Kf6 46. Re2 h6
47. g4 a4 48. h4 a3 49. g5+ hxg5 50. hxg5+ Kg7 51. bxa3 Rxa3+ 52. Kg4 c3 53. Rc2
Ra4 54. Kf3 Ra6 55. Rxc3 Rxe6 56. Rc7 Kf8 57. Rd7 Ke8 58. Ra7 Rd6 59. Ra8+ Kf7
60. Ra7 Kf8 61. Bc2 Rc6 62. Ra8+ Kg7 63. Be4 Re6 64. Ra7 Kf8 65. Ra5 Kg7 66. Ke3
Rd6 67. Re5 Kf8 68. Bc2 Rc6 69. Bd3 Rd6 70. Bb1 Rb6 71. Ba2 Nf5+ 72. Kf3 Ra6 73.
Bb1 Ne7 74. Rb5 Kg7 75. Ke4 Kf7 76. Bc2 Rc6 77. Bb3+ Kg7 78. Rb7 Kf8 79. Ke5 Ra6
80. Rb8+ Kg7 81. Re8 Nf5 82. Rg8+ Kh7 83. Rd8 Ra5+ 84. Bd5 Ra7 85. Rb8 Re7+ 86.
Kf6 Rg7 87. Be4 Ng3 88. Bf3 Ra7 89. Rb6 Rd7 90. Re6 Nf5 91. Be4 Nh4 92. Re7+
Rxe7 93. Kxe7 Kg7 94. Ke6 1-0

[Event "Rilton Cup 2013-14"]
[Site "Stockholm SWE"]
[Date "2013.12.29"]
[Round "3.33"]
[White "Lochte, Thomas"]
[Black "Gamback, Bjorn"]
[Result "1-0"]
[WhiteElo "2110"]
[BlackElo "2142"]
[WhiteFideId "4606272"]
[BlackFideId "1703161"]
[EventDate "2013.12.27"]

1. e4 c5 2. d4 cxd4 3. c3 Nf6 4. e5 Nd5 5. Qxd4 e6 6. Nf3 Nc6 7. Qe4 f5 8. Qe2
Be7 9. g3 a6 10. Bg2 b5 11. O-O Bb7 12. Nbd2 O-O 13. c4 Nb6 14. Rd1 Qc7 15. b3
Kh8 16. Bb2 d5 17. exd6 Bxd6 18. Ng5 e5 19. Ne6 Qe7 20. Nxf8 Rxf8 21. cxb5 Nb4
22. Bxb7 Qxb7 23. Nc4 Bc5 24. Qxe5 Rc8 25. Qxc5 Rxc5 26. Rd8# 1-0

[Event "Rilton Cup 2013-14"]
[Site "Stockholm SWE"]
[Date "2013.12.30"]
[Round "4.2"]
[White "Hammer, Jon Ludvig"]
[Black "Grandelius, Nils"]
[Result "1/2-1/2"]
[WhiteTitle "GM"]
[BlackTitle "GM"]
[WhiteElo "2612"]
[BlackElo "2576"]
[WhiteFideId "1503707"]
[BlackFideId "1710400"]
[EventDate "2013.12.27"]

1. Nf3 Nf6 2. g3 g6 3. Bg2 Bg7 4. c4 d5 5. cxd5 Nxd5 6. O-O O-O 7. d4 Nb6 8. Nc3
Nc6 9. d5 Na5 10. e4 c6 11. Bf4 cxd5 12. Nxd5 Nxd5 13. exd5 Nc4 14. Qb3 Nd6 15.
Rfe1 Re8 16. h3 Bf5 17. Ne5 Rc8 18. Re2 g5 19. Bc1 h6 20. g4 Bh7 21. h4 Qb6 22.
Qxb6 axb6 23. hxg5 hxg5 24. Nd7 Nc4 25. d6 Rcd8 26. Bxb7 Nxd6 27. Bc6 Bd3 28.
Re1 Rc8 29. Ba4 Rc4 30. Bd1 Re4 31. Rxe4 Nxe4 32. a4 Bd4 33. Be3 Bxb2 34. Ra2
Nc3 35. Rxb2 Nxd1 36. Rxb6 Nxe3 37. fxe3 Be2 38. a5 Bxg4 39. Ne5 Ra8 40. Nxg4
Rxa5 41. Kg2 f6 42. e4 Ra2+ 43. Nf2 Kf7 44. Rb7 f5 45. exf5 Kf6 46. Rb5 e6 47.
fxe6 Kxe6 48. Rxg5 Ra3 49. Ng4 Rb3 50. Kf2 Ra3 51. Ne3 Ra2+ 52. Kf3 Ra3 53. Ke4
Ra4+ 54. Kd3 Rf4 55. Rh5 Ra4 56. Nc4 Ra1 57. Ke4 Re1+ 58. Ne3 Ra1 59. Rh6+ Kd7
60. Ke5 Re1 61. Rd6+ Kc7 62. Rd3 Kc6 63. Ke6 Kc5 64. Kd7 Rh1 65. Nf5 Kc4 66. Rd2
Kc5 67. Ra2 Rd1+ 68. Kc7 Rg1 69. Ra5+ Kc4 70. Kd6 Rd1+ 71. Kc6 Rh1 72. Rd5 Rh8
73. Nd6+ Kb4 74. Rd3 Rh5 75. Ne4 Kc4 76. Rd1 Re5 77. Nd6+ Kc3 78. Nb7 Rh5 79.
Nc5 Kc4 80. Rc1+ Kd4 81. Ne6+ Ke4 82. Rc4+ Ke3 83. Nf4 Rh8 84. Nd5+ Kd3 85. Ra4
Rc8+ 86. Kd6 Rd8+ 87. Ke5 Re8+ 88. Kf4 Rf8+ 89. Kg3 Rg8+ 90. Kf3 Re8 91. Nf4+
Kc3 92. Ng2 Kd3 93. Nf4+ Kc3 94. Ne2+ Kd3 95. Rd4+ Kc2 96. Kf2 Rh8 97. Nf4 Kc3
98. Re4 Rd8 99. Ke3 1/2-1/2

[Event "Rilton Cup 2013-14"]
[Site "Stockholm SWE"]
[Date "2013.12.30"]
[Round "4.3"]
[White "Krasenkow, Michal"]
[Black "Tsyhanchuk, Stanislav"]
[Result "1-0"]
[WhiteTitle "GM"]
[BlackTitle "IM"]
[WhiteElo "2633"]
[BlackElo "2398"]
[WhiteFideId "1113100"]
[BlackFideId "13505130"]
[EventDate "2013.12.27"]

1. d4 Nf6 2. c4 c6 3. Nf3 d5 4. e3 g6 5. Nc3 Bg7 6. Be2 O-O 7. O-O b6 8. Bd2
Nbd7 9. cxd5 cxd5 10. Qb3 Bb7 11. Rfc1 Rc8 12. Be1 Re8 13. Rc2 Qc7 14. Rac1 Qb8
15. Qa4 a5 16. Qb3 e6 17. Na4 Rxc2 18. Rxc2 Rc8 19. Rxc8+ Bxc8 20. Ne5 Nxe5 21.
dxe5 Nd7 22. f4 Bf8 23. Bc3 Qc7 24. Kf2 Bc5 25. Bd4 Bb7 26. Qc3 Qc6 27. b3 Bxd4
28. exd4 b5 29. Qxc6 Bxc6 30. Nb2 Kf8 31. a3 Nb8 32. g4 Na6 33. Nd1 Nc7 34. Ne3
Bd7 35. Bd3 Kg7 36. f5 gxf5 37. gxf5 exf5 38. Bxf5 Be6 39. Kf3 Na6 40. Kf4 Nb8
41. Bd3 Nc6 42. Nc2 Na7 43. b4 a4 44. Ne3 Nc6 45. Bxb5 Nxd4 46. Bxa4 Ne2+ 47.
Kf3 Nc3 48. Bc2 h6 49. Nf5+ Bxf5 50. Bxf5 f6 51. e6 Kf8 52. Ke3 Ke7 53. Kd4 Nb5+
54. Kxd5 1-0

[Event "Rilton Cup 2013-14"]
[Site "Stockholm SWE"]
[Date "2013.12.30"]
[Round "4.4"]
[White "Lintchevski, Daniil"]
[Black "Volkov, Sergey"]
[Result "1-0"]
[WhiteTitle "GM"]
[BlackTitle "GM"]
[WhiteElo "2541"]
[BlackElo "2623"]
[WhiteFideId "4171055"]
[BlackFideId "4122763"]
[EventDate "2013.12.27"]

1. Nf3 d5 2. d4 Nf6 3. c4 c6 4. Nc3 a6 5. e3 b5 6. b3 Bg4 7. Be2 e6 8. O-O Nbd7
9. h3 Bf5 10. Bb2 Bd6 11. Nh4 Be4 12. Nxe4 Nxe4 13. Nf3 O-O 14. Qc2 Qe7 15. a4
bxc4 16. bxc4 a5 17. Nd2 f5 18. Rab1 Bb4 19. Nxe4 fxe4 20. Bc3 c5 21. dxc5 Qxc5
22. Bd4 Qd6 23. cxd5 exd5 24. Rbc1 Nf6 25. Qc6 Qd8 26. Rfd1 Rc8 27. Qe6+ Kh8 28.
Rxc8 Qxc8 29. Qxc8 Rxc8 30. Bxf6 gxf6 31. Rxd5 Rc2 32. Bb5 Rc1+ 33. Kh2 Rc2 34.
Rf5 Bd6+ 35. g3 Kg7 36. Kg2 Bc5 37. Kg1 Rc1+ 38. Bf1 Bb4 39. Kg2 Rc5 40. Rf4 Re5
41. Rg4+ Kh6 42. Bb5 f5 43. Rg8 Re7 44. Rc8 Rg7 45. Be8 Re7 46. Bb5 Rg7 47. Bc4
Rg6 48. Re8 Bd6 49. Be6 Kg5 50. g4 fxg4 51. hxg4 Rg7 52. Rg8 Rxg8 53. Bxg8 h6
54. Bh7 Kxg4 55. Bxe4 Bc5 56. Bc6 h5 57. Bd7+ Kh4 58. Kf3 Bb4 59. Be8 Be1 60.
Ke2 Bb4 61. f4 Kg4 62. Kf2 Bd2 63. Bb5 Kf5 64. Kf3 Ke6 65. e4 Kd6 66. e5+ Kd5
67. Be8 h4 68. Bd7 Bc1 69. Bh3 Bd2 70. Kg4 Be1 71. Kf5 Bb4 72. e6 Be7 73. Kg6
Bd8 74. Kf7 Kd6 75. f5 Bg5 76. f6 1-0

[Event "Rilton Cup 2013-14"]
[Site "Stockholm SWE"]
[Date "2013.12.30"]
[Round "4.5"]
[White "Socko, Bartosz"]
[Black "Piorun, Kacper"]
[Result "1/2-1/2"]
[WhiteTitle "GM"]
[BlackTitle "GM"]
[WhiteElo "2657"]
[BlackElo "2560"]
[WhiteFideId "1107038"]
[BlackFideId "1130420"]
[EventDate "2013.12.27"]

1. e4 e6 2. d4 d5 3. Nd2 c5 4. Ngf3 cxd4 5. exd5 Qxd5 6. Bc4 Qd7 7. Nb3 Nc6 8.
Nbxd4 Nxd4 9. Nxd4 a6 10. Be3 Qc7 11. Qe2 Nf6 12. O-O-O Be7 13. Bb3 O-O 14. Kb1
Bd7 15. Bg5 Qc5 16. f4 b5 17. Qe5 Rac8 18. Nf5 exf5 19. Bxf6 Qxe5 20. Bxe5 Bc6
21. Bd5 Bxd5 22. Rxd5 Rfe8 23. c3 Bf8 24. Rhd1 f6 25. Bd6 Re2 26. Bxf8 Kxf8 27.
R1d2 Rxd2 28. Rxd2 Ke7 29. Kc2 g5 30. g3 gxf4 31. gxf4 Rc4 32. Rd4 Rxd4 33. cxd4
Kd6 34. Kc3 Kd5 35. Kd3 Kd6 36. a4 Kd5 37. axb5 axb5 38. b3 Kd6 39. Kc3 Kd5 40.
Kd3 Kd6 41. Kc3 Kd5 42. Kd3 1/2-1/2